<?xml version="1.0" encoding="UTF-8"?>
<collection xmlns="http://www.loc.gov/MARC21/slim">
 <record>
  <leader>01377nam a22002177a 4500</leader>
  <controlfield tag="001">NCT_61940</controlfield>
  <controlfield tag="008">190315b        xxu||||| |||| 00| 0 vie d</controlfield>
  <datafield tag="999" ind1=" " ind2=" ">
   <subfield code="c">2999</subfield>
   <subfield code="d">2999</subfield>
  </datafield>
  <datafield tag="020" ind1=" " ind2=" ">
   <subfield code="a">9786045869925</subfield>
  </datafield>
  <datafield tag="082" ind1="0" ind2="4">
   <subfield code="2">23rd ed.</subfield>
   <subfield code="a">351.597</subfield>
   <subfield code="b">A107</subfield>
  </datafield>
  <datafield tag="100" ind1="1" ind2=" ">
   <subfield code="a">Lê Thị Trúc Anh</subfield>
  </datafield>
  <datafield tag="245" ind1="1" ind2="0">
   <subfield code="a">Văn hóa giao tiếp trong công sở hành chính :</subfield>
   <subfield code="b">Trường hợp Thành phố Hồ Chí Minh từ năm 1986- đến nay</subfield>
   <subfield code="c">Lê Thị Trúc Anh</subfield>
  </datafield>
  <datafield tag="260" ind1=" " ind2=" ">
   <subfield code="a">Tp. Hồ Chí Minh</subfield>
   <subfield code="b">Tổng hợp TP Hồ Chí Minh</subfield>
   <subfield code="c">2017</subfield>
  </datafield>
  <datafield tag="300" ind1=" " ind2=" ">
   <subfield code="a">208 tr.</subfield>
   <subfield code="b">Minh họa</subfield>
   <subfield code="c">24cm</subfield>
  </datafield>
  <datafield tag="520" ind1=" " ind2="3">
   <subfield code="a">Sách khái quái nhiều vấn đề lý luận và thực tiễn về mối quan hệ giữa văn hóa giao tiếp công sở hành chính và cải cách hành chính.</subfield>
  </datafield>
  <datafield tag="653" ind1=" " ind2=" ">
   <subfield code="a">Sách tham khảo</subfield>
  </datafield>
  <datafield tag="942" ind1=" " ind2=" ">
   <subfield code="2">ddc</subfield>
   <subfield code="c">BK</subfield>
  </datafield>
  <datafield tag="952" ind1=" " ind2=" ">
   <subfield code="0">0</subfield>
   <subfield code="1">0</subfield>
   <subfield code="2">ddc</subfield>
   <subfield code="4">0</subfield>
   <subfield code="6">351_597000000000000_A107</subfield>
   <subfield code="7">0</subfield>
   <subfield code="9">16264</subfield>
   <subfield code="a">000001</subfield>
   <subfield code="b">000001</subfield>
   <subfield code="d">2019-03-15</subfield>
   <subfield code="o">351.597 A107</subfield>
   <subfield code="p">TK.00692</subfield>
   <subfield code="r">2019-03-15</subfield>
   <subfield code="v">400000.00</subfield>
   <subfield code="w">2019-03-15</subfield>
   <subfield code="y">BK</subfield>
  </datafield>
  <datafield tag="952" ind1=" " ind2=" ">
   <subfield code="0">0</subfield>
   <subfield code="1">0</subfield>
   <subfield code="2">ddc</subfield>
   <subfield code="4">0</subfield>
   <subfield code="6">351_597000000000000_A107</subfield>
   <subfield code="7">0</subfield>
   <subfield code="9">16265</subfield>
   <subfield code="a">000001</subfield>
   <subfield code="b">000001</subfield>
   <subfield code="d">2019-03-15</subfield>
   <subfield code="o">351.597 A107</subfield>
   <subfield code="p">TK.00693</subfield>
   <subfield code="r">2019-03-15</subfield>
   <subfield code="v">400000.00</subfield>
   <subfield code="w">2019-03-15</subfield>
   <subfield code="y">BK</subfield>
  </datafield>
  <datafield tag="952" ind1=" " ind2=" ">
   <subfield code="0">0</subfield>
   <subfield code="1">0</subfield>
   <subfield code="2">ddc</subfield>
   <subfield code="4">0</subfield>
   <subfield code="6">351_597000000000000_A107</subfield>
   <subfield code="7">0</subfield>
   <subfield code="9">18344</subfield>
   <subfield code="a">000001</subfield>
   <subfield code="b">000001</subfield>
   <subfield code="d">2019-12-13</subfield>
   <subfield code="o">351.597 A107</subfield>
   <subfield code="p">TK.00712</subfield>
   <subfield code="r">2019-12-13</subfield>
   <subfield code="v">40000.00</subfield>
   <subfield code="w">2019-12-13</subfield>
   <subfield code="y">BK</subfield>
  </datafield>
  <datafield tag="980" ind1=" " ind2=" ">
   <subfield code="a">Thư viện Trường Đại học Nam Cần Thơ</subfield>
  </datafield>
 </record>
</collection>
